| 000 | 00446 a2200169 4500 | ||
|---|---|---|---|
| 020 | _a9788434827448 | ||
| 020 | _a8434827441 | ||
| 041 | _aspa | ||
| 100 | 1 | 0 | _aJeier, Thomas |
| 245 | 1 | _aEl apache blanco / Thomas Jeier ; [traduccion del aleman, Luis Astorga] | |
| 260 | _aMadrid : SM, D.L. 1998 | ||
| 300 |
_a142 p. ; _c21 cm |
||
| 440 | _aGran angular | ||
| 500 | _aTarget Audience: Desde 12 anos | ||
| 700 | 1 | 0 | _aAstorga, Luis |
| 942 | _cBK | ||
| 999 |
_c8118 _d8118 |
||